000 01101nam a2200289Ia 4500
001 B6891
003 IT-RoPAU
008 130308s9999 xx 000 0 und d
040 _aIT-RoPAU
040 _cIT-RoPAU
041 _aITALIANO
100 _aColombo Fausto
100 _gCodice Aut. SPICS: 14748
245 _aComunicazione sintetica (La)
245 _bNuove tecnologie della Comunicazione (Le)
250 _a1a ed.
260 _aMILANO
260 _bBompiani
260 _c1993 [1° Ed.:1993 - Ed.Ling.Originale:1993]
300 _a"33 p. (prefazione: no ; testo: 33 [pagine: 265-297])"
500 _aNuove tecnologie e Questione dell'Interpretazione. Computer Come Metamedium: Articolazione del Linguaggio Informatico, Questioni di Rappresentazione,Dal testo All'Ipertesto, Oltre Il Metalinguaggio, Computer Come Metaambiente. idea di Comunicazione Sintetica. Società Sintetica: Spazio Sintetico, Tempo Sintetico, Soggetto Sintetico.
650 _aTEORIA DELLA COMUNICAZIONE SOCIALE
650 _eCodice materia Spics: 3802
942 _cBK
957 _71
999 _c79556
_d79556
999 _g1